Harry Potter Trivia - Statistics

General Stats
  • This quiz has been taken 410 times
  • The average score is 11 of 15
Answer Stats
Hint Answer % Correct
Main Character Harry Potter
100%
Female best friend Hermione Granger
99%
Male best friend Ron Weasley
99%
Father James Potter
98%
Mother Lily Potter
98%
Had a crush on above answer Severus Snape
94%
Third DADA professor Remus Lupin
91%
Who did Ron take to the Yule Ball? Padma Patil
79%
Who did Harry take to the Yule Ball? Parvati Patil
77%
Who did Ron ask to the Yule Ball? Fleur Delacour
66%
Sings a song at the beginning of each year Sorting hat
65%
What position did Harry's father play in quidditch, in the books? Chaser
61%
Pulled from the sorting hat in book 2 Sword of Gryffindor
60%
What professor Mcgonagall says after using a spell in book 7? I always wanted to use that spell
26%
Why did the sorting hat put Harry in Gryffindor? Because he asked it
7%
No matching quizzes found
Score Distribution
Percent of People with Each Score
Percentile by Number Answered
Your Score History
You have not taken this quiz